Hướng dẫn thực hành kỹ thuật tiện

Trình bày kiến thức về máy tiện, các dụng cụ cắt gọt, dụng cụ đo, các nguyên công cơ bản trên máy tiện và các bài thực hành trên máy tiện. Giới thiệu về máy công cụ điều khiển bằng chương trình điều khiển số đến điều khiển với má...

Descrizione completa

Salvato in:
Dettagli Bibliografici
Autore principale: Dương, Văn Linh
Natura: Libro
Lingua:Undetermined
Pubblicazione: Hà Nội Khoa học và Kỹ thuật 2010
Soggetti:
Tags: Aggiungi Tag
Nessun Tag, puoi essere il primo ad aggiungerne! !
Thư viện lưu trữ: Trung tâm Học liệu Trường Đại học Cần Thơ
LEADER 01106nam a2200229Ia 4500
001 CTU_176973
008 210402s9999 xx 000 0 und d
020 |c 80000 
082 |a 621.942 
082 |b L312 
100 |a Dương, Văn Linh 
245 0 |a Hướng dẫn thực hành kỹ thuật tiện 
245 0 |c Dương Văn Linh, Trần Thế San, Nguyễn Ngọc Đào 
260 |a Hà Nội 
260 |b Khoa học và Kỹ thuật 
260 |c 2010 
520 |a Trình bày kiến thức về máy tiện, các dụng cụ cắt gọt, dụng cụ đo, các nguyên công cơ bản trên máy tiện và các bài thực hành trên máy tiện. Giới thiệu về máy công cụ điều khiển bằng chương trình điều khiển số đến điều khiển với máy tính 
526 |a TT. Công nghệ kim loại nâng cao 
526 |b KC382 
650 |a Metal cutting,Gia công kim loại 
910 |a Nguyên 
980 |a Trung tâm Học liệu Trường Đại học Cần Thơ